No se amolden al tiempo presente: las relaciones Iglesia-sociedad en los documentos de la Conferencia Episcopal del Uruguay -1965-1985-
Guardat en:
| Autor principal: | |
|---|---|
| Format: | Llibre |
| Idioma: | espanyol |
| Publicat: |
Montevideo
Observatorio del Sur
2009
Montevideo Facultad de Teología del Uruguay 2009 |
| Edició: | 1a. ed |
| Matèries: | |
| Etiquetes: |
Afegir etiqueta
Sense etiquetes, Sigues el primer a etiquetar aquest registre!
|
MARC
| LEADER | 00000cam a2200000 a 4500 | ||
|---|---|---|---|
| 001 | UCE5467 | ||
| 003 | CL-VaPUC | ||
| 008 | 150109e20090000uy |||||||||||||||||spa|d | ||
| 020 | |a 9789974670600 | ||
| 082 | 0 | 4 | |a 261.1 |b DAB |2 21 |
| 100 | 0 | |a Dabezies Antía, Pablo |e author |9 578113 | |
| 245 | 1 | 0 | |a No se amolden al tiempo presente: las relaciones Iglesia-sociedad en los documentos de la Conferencia Episcopal del Uruguay -1965-1985- |
| 250 | |a 1a. ed | ||
| 300 | |a 779 p | ||
| 942 | |c BK | ||
| 945 | |d 20150109 08:57:00 |a arojas | ||
| 260 | |a Montevideo |b Observatorio del Sur |c 2009 | ||
| 260 | |a Montevideo |b Facultad de Teología del Uruguay |c 2009 | ||
| 500 | |a Tesis presentada para la obtención del Doctorado en Teología | ||
| 650 | 0 | |a Iglesia Católica |9 256114 | |
| 650 | 0 | |a Iglesia y Estado |9 254995 | |
| 650 | 0 | |a Historia de la iglesia católica |9 310593 | |
| 650 | 7 | |a CONFERENCIA EPISCOPAL |2 CL-VaPUC |9 578114 | |
| 650 | 7 | |a IGLESIA Y SOCIEDAD |2 CL-VaPUC |9 399674 | |
| 651 | 0 | |a Uruguay |9 255194 | |
| 583 | |a last modification |c 20150113 11:01:47 |k Rodrigo Vera | ||
| 999 | |c 358183 |d 358181 | ||
| 952 | |0 0 |1 0 |3 erb |4 0 |6 261_100000000000000_DAB_2009_2009 |7 0 |8 A |9 466728 |a BIBTEO |b BIBTEO |i 5134331 |o 261.1 DAB 2009 2009 |p 5134331 |r 2025-01-17 |w 2019-11-23 |y BK |z Catalogado en:20150109 |k ICR | ||